000 00369nam a2200157Ia 4500
008 221030s9999 xx 000 0 und d
020 _a8173193215
041 _aEnglish
082 _a105.23
_bGuh
100 _aE. Guha
245 0 _aBasic Thermodynamics
_cby E. Guha
260 _bNarosa Pub.
_aNew Delhi
_c2002
300 _a276
650 _aMechanical
942 _cBK
999 _c1854
_d1854